UBT Library

Abraham Lincoln; (Record no. 40008)

000 -LEADER
fixed length control field 00522cam a22002171 4500
001 - CONTROL NUMBER
control field 7365297
003 - CONTROL NUMBER IDENTIFIER
control field OSt
005 - DATE AND TIME OF LATEST TRANSACTION
control field 20180110074457.0
008 - FIXED-LENGTH DATA ELEMENTS--GENERAL INFORMATION
fixed length control field 880322s1931 nyu 000 0 eng
010 ## - LIBRARY OF CONGRESS CONTROL NUMBER
LC control number 36028489
035 ## - SYSTEM CONTROL NUMBER
System control number (OCoLC)17659712
040 ## - CATALOGING SOURCE
Original cataloging agency DLC
Transcribing agency AU
Modifying agency DLC
041 ## - LANGUAGE CODE
Language code of text/sound track or separate title eng
042 ## - AUTHENTICATION CODE
Authentication code premarc
080 ## - UNIVERSAL DECIMAL CLASSIFICATION NUMBER
Universal Decimal Classification number 620.112
100 1# - Rafti
Rafti 21
101 ## - Shkurtesa
Shkurtesa GJL
245 10 - TITLE STATEMENT
Title Abraham Lincoln;
Statement of responsibility, etc by Carl Sandburg.
906 ## - LOCAL DATA ELEMENT F, LDF (RLIN)
a 7
b cbc
c oclcrpl
d u
e ncip
f 19
g y-gencatlg
942 ## - ADDED ENTRY ELEMENTS (KOHA)
Source of classification or shelving scheme
Item type Books
Holdings
Withdrawn status Lost status Source of classification or shelving scheme Damaged status Not for loan Collection code Permanent location Current location Shelving location Date acquired Total Checkouts Full call number Barcode Date last seen Price effective from Koha item type
          Koleksioni i përgjithshem UBT - Lipjan UBT - Lipjan Koleksioni i përgjithshem 01/10/2018   620.112 SAN 002-2994843 01/10/2018 01/10/2018 Books
          Koleksioni i përgjithshem UBT - Lipjan UBT - Lipjan Koleksioni i përgjithshem 05/07/2021   82 SAN 002-5000173 05/07/2021 05/07/2021 Books
          Koleksioni i përgjithshem UBT - Lipjan UBT - Lipjan Koleksioni i përgjithshem 05/07/2021   82 SAN 002-5000168 05/07/2021 05/07/2021 Books
          Koleksioni i përgjithshem UBT - Lipjan UBT - Lipjan Koleksioni i përgjithshem 05/07/2021   82 SAN 002-5000163 05/07/2021 05/07/2021 Books
          Koleksioni i përgjithshem UBT - Lipjan UBT - Lipjan Koleksioni i përgjithshem 05/07/2021   82 SAN 002-5000158 05/07/2021 05/07/2021 Books
          Koleksioni i përgjithshem UBT - Lipjan UBT - Lipjan Koleksioni i përgjithshem 05/07/2021   82 SAN 002-5000153 05/07/2021 05/07/2021 Books
          Koleksioni i përgjithshem UBT - Lipjan UBT - Lipjan Koleksioni i përgjithshem 05/07/2021   82 SAN 002-5000148 05/07/2021 05/07/2021 Books
          Koleksioni i përgjithshem UBT - Lipjan UBT - Lipjan Koleksioni i përgjithshem 05/07/2021   82 SAN 002-5000143 05/07/2021 05/07/2021 Books
UBT Library © 2015-2024. All rights reserved University Education for Business and Technology